• 首页
  • 本馆介绍
  • 公告通知
  • 最新文献
  • 馆藏检索
  • 电子资源
  • 读者导购
  • 参考咨询
  • 我的图书馆
  • 登录
  • 详细信息显示
  • 放入我的书架
  • 预约/预借图书
  • 作者相关作品
  • 分类相关作品
  • 丛书相关作品
  • 出版社相关作品

书目信息

  • 表格格式
  • 工作单格式
  • 卡片格式
题名:
语文
    
 
作者: ;中等职业学校学生考试指导用书编写组 编著
分册:  
出版信息: 北京   语文出版社  2016
页数: 291页
开本: 30cm
丛书名:
单 册:
中图分类: G634.303
科图分类:
主题词: 语文课--职业高中--教学参考资料
电子资源:
ISBN: 978-7-5187-0402-6
000 01215nam0 2200253 450
001 012001003296
005 20180926161018.93
010    @a978-7-5187-0402-6@dCNY65.00
100    @a20170215d2016 em y0chiy50 ea
101 0  @achi
102    @aCN@b110000
105    @ay z 000yy
106    @ar
200 1  @a语文@9yu wen@f中等职业学校学生考试指导用书编写组编著
205    @a2版@b修订版
210    @a北京@c语文出版社@d2016
215    @a291页@d30cm@e1试卷(392栏;26×35cm)
300    @a中等职业学校学生考试指导用书
330    @a为满足内蒙古自治区高职对口招生复习的需要,按照教育部2009年颁布的“中等职业学校语文教学大纲”的要求,我们组织了具有丰富指导高职升学考试复习经验的中职学校一线优秀教师、教研员集体编写了这本中等职业学校学生考试指导用书(语文)内蒙版。本书对口高职招生统一考试说明的顺序安排章节。每节分别设计了“知能要求” “复习指要” “考点训练” “单元练习”栏目,最后附上20套“模拟试题”,栏目开设齐全,备考采点科学。
606 0  @a语文课@x职业高中@j教学参考资料
690    @aG634.303@v5
711 02 @a中等职业学校学生考试指导用书编写组@9zhong deng zhi ye xue xiao xue sheng kao shi zhi dao yong shu bian xie zu@4编著
801  0 @aCN@b上海新华@c20180901
905    @b1162546-50@dG634.303@e1385=2@f5
    
    语文/中等职业学校学生考试指导用书编写组编著.-2版,修订版.-北京:语文出版社,2016
    291页;30cm+1试卷(392栏;26×35cm)
    中等职业学校学生考试指导用书
    
    ISBN 978-7-5187-0402-6:CNY65.00
    为满足内蒙古自治区高职对口招生复习的需要,按照教育部2009年颁布的“中等职业学校语文教学大纲”的要求,我们组织了具有丰富指导高职升学考试复习经验的中职学校一线优秀教师、教研员集体编写了这本中等职业学校学生考试指导用书(语文)内蒙版。本书对口高职招生统一考试说明的顺序安排章节。每节分别设计了“知能要求” “复习指要” “考点训练” “单元练习”栏目,最后附上20套“模拟试题”,栏目开设齐全,备考采点科学。
●
相关链接 在E读中查询图书 在五车中查询图书 在当当中查询图书 在豆瓣中查询图书


正题名:语文     索取号:G634.303/1385=2         预约/预借

序号 登录号 条形码 馆藏地/架位号 状态 备注
1 1162546   211625464   第一样本阅览室/ [索取号:G634.303/1385=2] 在馆    
2 1162547   211625473   密集书库-文学院/ [索取号:G634.303/1385=2] 在馆    
3 1162548   211625482   第四借阅区/ [索取号:G634.303/1385=2] 在馆    
4 1162549   211625491   第四借阅区/ [索取号:G634.303/1385=2] 在馆    
5 1162550   211625507   第四借阅区/ [索取号:G634.303/1385=2] 在馆    
唐山师范学院图书馆 欢迎您!
大连网信软件有限公司© 版权所有